| 000 | 01740cam a22003737a 4500 | ||
|---|---|---|---|
| 999 |
_c25150 _d25150 |
||
| 001 | 15552444 | ||
| 005 | 20170131085518.0 | ||
| 008 | 081211s2009 mdua b 001 0 eng d | ||
| 010 | _a 2008943387 | ||
| 020 | _a076184337X (cloth bound) | ||
| 020 | _a9780761843375 (cloth bound) | ||
| 020 | _a9780761843382 (pbk.) | ||
| 020 | _a0761843388 (pbk.) | ||
| 035 | _a(OCoLC)ocn256530181 | ||
| 040 |
_aYDXCP _cYDXCP _dBTCTA _dSNN _dCDX _dBWX _dIAY _dGZM _dLNT _dDLC |
||
| 042 | _alccopycat | ||
| 043 | _ae-gw--- | ||
| 050 | 0 | 0 |
_aN6888 _b.C72N62 2009 |
| 100 | 1 | _aNoble, Bonnie. | |
| 245 | 1 | 0 |
_aLucas Cranach the Elder : _bart and devotion of the German Reformation / _cBonnie Noble. |
| 260 |
_aLanham, Md. : _bUniversity Press of America, _c2009. |
||
| 300 |
_aviii, 227 p. : _bill. ; _c24 cm. |
||
| 504 | _aIncludes bibliographical references (p. 201-218) and index. | ||
| 505 | 0 | _aLaw and gospel and the strategies of pictorial rhetoric -- The Schneeberg altarpiece and the structure of worship -- The Wittenberg altarpiece : communal devotion and identity -- Holy visions and pious testimony: Weimar altarpiece -- Public worship to private devotion : Cranach's Reformation Madonna panels. | |
| 600 | 1 | 0 |
_aCranach, Lucas, _d1472-1553 _xCriticism and interpretation. |
| 650 | 0 |
_aReformation and art _zGermany. |
|
| 650 | 0 | _aArt and religion. | |
| 650 | 0 |
_aArt _zGermany _y16th century. |
|
| 942 |
_2lcc _cBOOKS _hN6888 .C72N62 2009 |
||